| 000 | 00616nam a2200193Ia 4500 | ||
|---|---|---|---|
| 003 | GCL | ||
| 008 | 140319s9999 xx 000 0 ara d | ||
| 040 |
_aGCL / _cGCL |
||
| 082 | 0 | 4 |
_a413.5 _bم ف |
| 100 | 1 | _aمحمود احمد حسن المراغى | |
| 245 | 1 | 0 |
_aفى البلاغة العربية: علم البديع / _cمحمود احمد حسن المراغى |
| 260 |
_a[S.N] : _bدار العلوم العربية ، _c1991 |
||
| 300 | _a150 ص | ||
| 490 | _a | ||
| 650 | 0 | 4 | _aاللغة العربية |
| 650 | 0 | 4 | _aالبلاغة العربية |
| 650 | 0 | 4 | _aعلم البديع |
| 942 |
_2ddc _cBK |
||
| 999 |
_c46876 _d46876 |
||